Spell the Marvel Character #73 - Statistics

General Stats
  • This quiz has been taken 27 times
  • The average score is 9 of 10
Answer Stats
Picture Answer % Correct
Angel
100%
Black Widow
100%
Deadpool
100%
She-Hulk
100%
Echo
90%
Lockjaw
90%
Speedball
86%
Energizer
76%
Polaris
76%
Lightspeed
71%
No matching quizzes found
Score Distribution
Percent of People with Each Score
Percentile by Number Answered
Your Score History
You have not taken this quiz